000 00699nam a2200229Ia 4500
003 GCL
008 140319s9999 xx 000 0 ara d
040 _aGCL /
_cGCL
082 0 4 _a252
_bا م
100 1 _aابراهيم ابراهيم هلال
245 1 0 _aالمعانى السياسية فى أركان الاسلام الخمسة /
_cابراهيم ابراهيم هلال
260 _a[S.N] :
_bمكتبة النهضة المصرية ،
_c1413
300 _a88 ص
490 _a
650 0 4 _aالاسلام
650 0 4 _aالسياسة
650 0 4 _aالعبادات
650 0 4 _aالاجتماع
650 0 4 _aالديانات
650 0 4 _aالافلام
942 _2ddc
_cBK
999 _c29280
_d29280